Research in nursing / (Record no. 1320)

MARC details
000 -LEADER
fixed length control field 00773nam a2200265 a 4500
005 - DATE AND TIME OF LATEST TRANSACTION
control field 20260322212055.0
008 - FIXED-LENGTH DATA ELEMENTS--GENERAL INFORMATION
fixed length control field data
010 ## - LIBRARY OF CONGRESS CONTROL NUMBER
LC control number 84028439//r85
020 ## - INTERNATIONAL STANDARD BOOK NUMBER
International Standard Book Number 0201097370
020 ## - INTERNATIONAL STANDARD BOOK NUMBER
International Standard Book Number 9780201097375
040 ## - CATALOGING SOURCE
Original cataloging agency DNLM/DLC
Transcribing agency DLC
Modifying agency CStRLIN
050 0# - LIBRARY OF CONGRESS CALL NUMBER
Classification number RT81.5
Item number .W55 1985
060 ## - NATIONAL LIBRARY OF MEDICINE CALL NUMBER
Classification number WY 20.5 W748r
096 ## - LOCALLY ASSIGNED NLM-TYPE CALL NUMBER (OCLC)
Classification number WY 20.5 W748r 1985
001 - CONTROL NUMBER
control field data
100 1# - MAIN ENTRY--PERSONAL NAME
Personal name Wilson, Holly Skodol.
245 10 - TITLE STATEMENT
Title Research in nursing /
Statement of responsibility, etc. Holly Skodol Wilson.
260 0# - PUBLICATION, DISTRIBUTION, ETC.
Place of publication, distribution, etc. Menlo Park, Calif. :
Name of publisher, distributor, etc. Addison-Wesley, Nursing Division,
Date of publication, distribution, etc. c1985.
300 ## - PHYSICAL DESCRIPTION
Extent xix, 583 p. :
Other physical details ill. ;
Dimensions 25 cm.
504 ## - BIBLIOGRAPHY, ETC. NOTE
Bibliography, etc. note Includes bibliographies and index.
590 ## - LOCAL NOTE (RLIN)
Local note Includes bibliographies and index.
650 #0 - SUBJECT ADDED ENTRY--TOPICAL TERM
Topical term or geographic name entry element Nursing
General subdivision Methodology.
-- Methodology.
650 #2 - SUBJECT ADDED ENTRY--TOPICAL TERM
Topical term or geographic name entry element Nursing.
650 #2 - SUBJECT ADDED ENTRY--TOPICAL TERM
Topical term or geographic name entry element Research.
Holdings
Withdrawn status Lost status Damaged status Not for loan Home library Current library Shelving location Date acquired Total checkouts Full call number Barcode Date last seen Price effective from Koha item type
        Franklin Franklin General stacks 22/03/2026   RT81.5 .W55 1985 BC0011363 22/03/2026 22/03/2026 Books